| 000 | 00989pam a2200253 a 4500 | ||
|---|---|---|---|
| 020 | _a9789698535216 | ||
| 082 | 0 | 0 |
_a004 _bYAM _cNUST. |
| 100 | 1 |
_aYamin, Tughral. _91533 |
|
| 245 | 1 | 0 |
_aCyber space : _cYamin, Tughral. |
| 260 |
_aIslamabad : _bNUST Press., _c2014. |
||
| 300 |
_axvi, 275 p. : _b ; _c18 cm. |
||
| 500 | _aIncludes index. | ||
| 520 | _aSurveys digital technology from the early days of computers to virtual reality and the World Wide Web, describing the uses of computer simulation in flight, battle, hazardous environments, and entertainment. | ||
| 526 |
_a0 _b0 _c0 _d004_000000000000000_YAM |
||
| 526 |
_a0 _b0 _c0 _d004_000000000000000_YAM |
||
| 650 | 0 |
_aComputer simulation _xJuvenile literature. _950768 |
|
| 650 | 0 |
_aComputers _xHistory _xJuvenile literature. _950769 |
|
| 650 | 0 |
_aVirtual reality _950770 |
|
| 650 | 0 |
_aWorld Wide Web _918094 |
|
| 650 | 1 |
_aComputer simulation. _91599 |
|
| 650 | 1 | _aComputers. | |
| 650 | 1 |
_aVirtual reality. _950770 |
|
| 942 |
_2ddc _cBK |
||
| 999 |
_c553529 _d553529 |
||